000 00882nac a22002777a 4500
001 BR8206484
003 BR-BrBNA
005 20240105115537.0
008 230509b bl.|||m| |||| 00| 0 por d
040 _aBR-BrBNA
_bpor
_cBiblioteca Nacional de Agricultura
072 _aF00
090 _a0510 BR8206484
100 1 _aTenorio, Z.
100 1 _aBezerra, J.E.S.
100 1 _aFranco, C.F. de O.
110 1 _aCentro Nacional de Pesquisa do Algodao, Campina Grande, PB (Brasil)
_91702
245 1 _aEfeito do tipo de muda para o plantio de sisal [Agave sisalana]
260 3 _aCampina Grande, PB (Brasil):
_c1982.
300 _a2 p.
490 _aPesquisa em Andamento - Centro Nacional de Pesquisa do Algodao (Brazil)
_vno. 1
_x
650 _aSISAL
650 _aMUDA
650 _aPLANTIO
909 _a202312
_bLúcia Elande
_c55
_dLúcia Elande
942 _2AGRIS
_n0
_cMS
999 _c275242
_d275242